When should you sound the alarm? (Record no. 78741)

MARC details
000 -LEADER
fixed length control field 01565cab a22002415a 4500
001 - CONTROL NUMBER
control field L137929
008 - FIXED-LENGTH DATA ELEMENTS--GENERAL INFORMATION
fixed length control field 070508e20070503xxk f g 000 0 eng d
035 ## - SYSTEM CONTROL NUMBER
System control number (Sirsi) u137929
041 0# - LANGUAGE CODE
Language code of text/sound track or separate title eng
100 1# - MAIN ENTRY--PERSONAL NAME
Personal name Patterson, Lindy
245 00 - TITLE STATEMENT
Title When should you sound the alarm?
260 ## - PUBLICATION, DISTRIBUTION, ETC.
Date of publication, distribution, etc. 2007
490 #0 - SERIES STATEMENT
Series statement Construction News
Volume/sequential designation (7016) 3 May 2007, 22(1)
520 ## - SUMMARY, ETC.
Summary, etc. Examines the extent to which contractors and designers are liable for each others deficient work. Notes that a duty to warn may be implied in a contractor's or designer's contract and highlights the case of "University of Glasgow v William Whitfield and another" ([1988] 42 BLR 66) where the architect argued that the contractor had such a duty to warn the employer. The architect's claim was rejected, but the judge stated that a duty may be implied if there is a reliance by the employer on the contractor. Also looks at "Lindenburg v Canning" ([1992] 62 BLR 142) where the court accepted the existence of a duty to warn, and "Hart v Fidler" ([2006] EWHC 2857 (TCC), L136020) where the court found that Fidler owed a duty to warn Hart of the danger posed to the permanent work.
590 ## - LOCAL NOTE (RLIN)
Local note KA
650 24 - SUBJECT ADDED ENTRY--TOPICAL TERM
Topical term or geographic name entry element UNIVERSITY OF GLASGOW V WILLIAM WHITFIELD AND ANOTHER
650 24 - SUBJECT ADDED ENTRY--TOPICAL TERM
Topical term or geographic name entry element LINDENBERG V CANNING
650 24 - SUBJECT ADDED ENTRY--TOPICAL TERM
Topical term or geographic name entry element HART INVESTMENTS LTD V FIDLER AND ANOTHER
651 #4 - SUBJECT ADDED ENTRY--GEOGRAPHIC NAME
Geographic name England and Wales
Chronological subdivision 1543-
690 ## - LOCAL SUBJECT ADDED ENTRY--TOPICAL TERM (OCLC, RLIN)
Topical term or geographic name as entry element BUILT ENVIRONMENT-CONSTRUCTION MANAGEMENT-BUILDING CONTRACT ADMINISTRATION
690 ## - LOCAL SUBJECT ADDED ENTRY--TOPICAL TERM (OCLC, RLIN)
Topical term or geographic name as entry element MANAGEMENT-BUSINESS MANAGEMENT-PROFESSIONAL PRACTICE-DUTY OF CARE-LIABILITY
942 ## - ADDED ENTRY ELEMENTS (KOHA)
Suppress in OPAC 0
Holdings
Withdrawn status Lost status Source of classification or shelving scheme Damaged status Not for loan Home library Current library Shelving location Date acquired Total Checkouts Full call number Barcode Date last seen Copy number Price effective from Koha item type
    Dewey Decimal Classification     London London Journal article 08/05/2007   L137929 137929-1001 06/08/2019 1 06/08/2019 Journal article